Ozbrojené konflikty v Sudáne a ich ekonomické aspekty

Ekonomická charakteristika Sudánu. Príčiny ozbrojených konfliktov. Konflikt v južnom Sudáne - najdlhšia občianska vojna v Afrike, delenie bohatstva z využitia nálezísk ropy, podiel na centrálnej moci. Konflikt v Dárfúre, ekonomické príčiny konfliktu, miesto centrálnej vlády v konflikte, podiel rebel...

Descrizione completa

Salvato in:
Dettagli Bibliografici
Autore principale: Lipková, Ľudmila
Altri autori: Mráz, Stanislav
Natura: Capitolo di libro
Lingua:slovacco
Soggetti:
Tags: Aggiungi Tag
Nessun Tag, puoi essere il primo ad aggiungerne!!

MARC

LEADER 00000nla$a2200000$$$4500
001 0064866
005 20240502071749.4
041 0 |a slo 
044 |a SK 
245 1 0 |a Ozbrojené konflikty v Sudáne a ich ekonomické aspekty  |c Ľudmila Lipková, Stanislav Mráz 
520 |a Ekonomická charakteristika Sudánu. Príčiny ozbrojených konfliktov. Konflikt v južnom Sudáne - najdlhšia občianska vojna v Afrike, delenie bohatstva z využitia nálezísk ropy, podiel na centrálnej moci. Konflikt v Dárfúre, ekonomické príčiny konfliktu, miesto centrálnej vlády v konflikte, podiel rebelov na konflikte. Zahraničná pomoc pri riešení humanitárnej krízy v Dárfúre. Navrhované ekonomické sankcie voči Sudánu, postoj veľmocí. 
610 2 0 |a Sudán 
610 2 0 |a konflikty 
610 2 0 |a vojny 
610 2 0 |a sankcie 
610 2 0 |a pomoc zahraničná 
100 1 |a Lipková, Ľudmila 
700 1 |a Mráz, Stanislav